Cooper and Gunn’s: Tutorial pharmacy (Record no. 9075)

MARC details
000 -LEADER
fixed length control field 00501nam a22001697a 4500
003 - CONTROL NUMBER IDENTIFIER
control field OSt
008 - FIXED-LENGTH DATA ELEMENTS--GENERAL INFORMATION
fixed length control field 200715b ||||| |||| 00| 0 eng d
020 ## - INTERNATIONAL STANDARD BOOK NUMBER
International Standard Book Number 9789387964525
082 ## - DEWEY DECIMAL CLASSIFICATION NUMBER
Classification number 615.4 CAT
100 ## - MAIN ENTRY--PERSONAL NAME
Personal name Carter , S.J
245 ## - TITLE STATEMENT
Title Cooper and Gunn’s: Tutorial pharmacy
250 ## - EDITION STATEMENT
Edition statement 2005
260 ## - PUBLICATION, DISTRIBUTION, ETC. (IMPRINT)
Place of publication, distribution, etc New Delhi
Name of publisher, distributor, etc CBS Publishers & Distributors Pvt. Ltd.
Date of publication, distribution, etc 2005
300 ## - PHYSICAL DESCRIPTION
Extent ix,469
650 ## - SUBJECT ADDED ENTRY--TOPICAL TERM
Topical term or geographic name as entry element Pharmaceutics- Drug Delivery Systems,Pharmaceutical Engineering regulraty Science
942 ## - ADDED ENTRY ELEMENTS (KOHA)
Source of classification or shelving scheme Dewey Decimal Classification
Koha item type Text Books
Holdings
Withdrawn status Lost status Source of classification or shelving scheme Damaged status Not for loan Collection code Home library Current library Date acquired Source of acquisition Currency Cost, normal purchase price Bill Number Total Checkouts Full call number Acc. no. / Barcode Date last seen Date last borrowed Actual Cost, discounted price Bill Date Koha item type
    Dewey Decimal Classification     B.Pharma PIET C-LIBRARY PIET C-LIBRARY 01/02/2020 Kirti Prakashan Indian Rup 475.00 IN6239 1 615.4 CAT BP683 05/04/2022 17/01/2022 306.38 01/02/2020 Text Books
    Dewey Decimal Classification     B.Pharma PIET C-LIBRARY PIET C-LIBRARY 01/02/2020 Kirti Prakashan Indian Rup 475.00 IN6239 2 615.4 CAT BP684 05/01/2024 05/12/2023 306.38 01/02/2020 Text Books
    Dewey Decimal Classification     B.Pharma PIET C-LIBRARY PIET C-LIBRARY 01/11/2022 Kirthi Prakashan Indian Rup 550.00 IN3266 1 615.4 CAT BP1670 23/02/2022 23/02/2022 357.50 11/01/2022 Reference Books
    Dewey Decimal Classification     B.Pharma PIET C-LIBRARY PIET C-LIBRARY 01/11/2022 Kirthi Prakashan Indian Rup 550.00 IN3266   615.4 CAT BP1671 15/01/2022   357.50 11/01/2022 Text Books
    Dewey Decimal Classification     B.Pharma PIET C-LIBRARY PIET C-LIBRARY 01/11/2022 Kirthi Prakashan Indian Rup 550.00 IN3266   615.4 CAT BP1672 15/01/2022   357.50 11/01/2022 Text Books

Design & Developed by: PIET Central Library
R70 Miles Stone Pattikalyana Samalkha Panipat 132102
mail ID :- [email protected], Phone No:- 0180-2569700 Ex.216